[Event "DVM U16 2022"]
[Site "Darmstadt GER"]
[Date "2022.12.29"]
[Round "6"]
[White "Eull, Emil"]
[Black "Widmann, Maximilian"]
[Result "0-1"]
[Termination "normal"]
[Board "4.2"]
[WhiteElo "1969"]
[BlackElo "1582"]
[WhiteClock "00:17:31"]
[BlackClock "00:06:43"]
[WhiteTeam "SF Neuberg"]
[BlackTeam "VfB Schach Leipzig e.V."]
[PlyCount "100"]
[WhiteFideId "16253809"]
[BlackFideId "16281691"]
[EventCountry "GER"]
[EventRounds "7"]
[EventType "team-swiss"]
[EventDate "2022.12.26"]

1. c4 {[%clk 1:30:57]} c6 {[%clk 1:30:52]} 2. Nc3 {[%clk 1:31:01]} d5 {[%clk
1:30:54]} 3. e3 {[%clk 1:31:25]} Nf6 {[%clk 1:31:00]} 4. Nf3 {[%clk 1:31:30]}
e6 {[%clk 1:27:03]} 5. b3 {[%clk 1:31:51]} Be7 {[%clk 1:25:56]} 6. Bb2 {[%clk
1:32:05]} Nbd7 {[%clk 1:23:47]} 7. Be2 {[%clk 1:32:25]} O-O {[%clk 1:23:09]} 8.
d4 {[%clk 1:27:11]} b6 {[%clk 1:19:49]} 9. O-O {[%clk 1:16:00]} Ba6 {[%clk
1:11:04]} 10. Qc2 {[%clk 1:13:56]} Rc8 {[%clk 1:08:28]} 11. e4 {[%clk 1:07:17]}
dxe4 {[%clk 1:01:55]} 12. Nxe4 {[%clk 1:07:28]} Nxe4 {[%clk 0:56:42]} 13. Qxe4
{[%clk 1:07:41]} Nf6 {[%clk 0:56:53]} 14. Qc2 {[%clk 1:07:08]} Bb7 {[%clk
0:55:35]} 15. Rad1 {[%clk 1:03:35]} Qc7 {[%clk 0:48:50]} 16. Ne5 {[%clk
0:57:58]} Rfd8 {[%clk 0:44:56]} 17. Bf3 {[%clk 0:53:51]} Nd7 {[%clk 0:39:14]}
18. Ng4 {[%clk 0:50:58]} Nf6 {[%clk 0:34:56]} 19. Rfe1 {[%clk 0:38:21]} Nxg4
{[%clk 0:31:10]} 20. Bxg4 {[%clk 0:38:30]} Bf6 {[%clk 0:29:22]} 21. Re3 {[%clk
0:29:40]} Rd6 {[%clk 0:22:29]} 22. Rh3 {[%clk 0:22:04]} g6 {[%clk 0:19:14]} 23.
Rhd3 {[%clk 0:12:52]} Rcd8 {[%clk 0:16:03]} 24. Bf3 {[%clk 0:12:31]} Bg7 {[%clk
0:14:01]} 25. h4 {[%clk 0:11:44]} R6d7 {[%clk 0:09:28]} 26. Qd2 {[%clk
0:09:59]} c5 {[%clk 0:06:26]} 27. d5 {[%clk 0:09:44]} exd5 {[%clk 0:06:15]} 28.
Bxg7 {[%clk 0:09:52]} Kxg7 {[%clk 0:06:30]} 29. cxd5 {[%clk 0:09:44]} Qd6
{[%clk 0:05:15]} 30. h5 {[%clk 0:09:20]} Re8 {[%clk 0:04:50]} 31. Re3 {[%clk
0:07:54]} Rde7 {[%clk 0:04:06]} 32. h6 {[%clk 0:05:15]} Kf8 {[%clk 0:03:18]}
33. Qc3 {[%clk 0:05:08]} Rxe3 {[%clk 0:01:42]} 34. Qg7 {[%clk 0:04:30]} Ke7
{[%clk 0:02:05]} 35. fxe3 {[%clk 0:04:57]} Bc8 {[%clk 0:00:57]} 36. e4 {[%clk
0:04:08]} Qf4 {[%clk 0:00:43]} 37. e5 {[%clk 0:02:47]} Kd8 38. Re1 {[%clk
0:02:36]} Qd4 {[%clk 0:00:46]} 39. Kf1 {[%clk 0:02:13]} Ba6 {[%clk 0:01:01]}
40. Be2 {[%clk 0:02:05]} Qf4 {[%clk 0:00:54]} 41. Kg1 {[%clk 0:00:38]} Qxe5
{[%clk 0:14:02]} 42. Bxa6 {[%clk 0:15:42]} Qxe1 {[%clk 0:13:27]} 43. Bf1 {[%clk
0:16:10]} Qe3 {[%clk 0:10:19]} 44. Kh1 {[%clk 0:16:33]} Qf4 {[%clk 0:09:51]}
45. Qxh7 {[%clk 0:15:36]} Qxf1 {[%clk 0:09:37]} 46. Kh2 {[%clk 0:16:05]} Qf4
{[%clk 0:09:25]} 47. g3 {[%clk 0:16:34]} Re2 {[%clk 0:07:42]} 48. Kh3 {[%clk
0:16:47]} Qf5 {[%clk 0:07:56]} 49. g4 {[%clk 0:17:05]} Qd3 {[%clk 0:07:01]} 50.
Kh4 {[%clk 0:17:31]} g5 {[%clk 0:06:43]} 0-1

[Event "DVM U16 2022"]
[Site "Darmstadt GER"]
[Date "2022.12.29"]
[Round "6"]
[White "Willberg, Marek"]
[Black "Kaiser, Jason"]
[Result "1-0"]
[Termination "normal"]
[Board "4.3"]
[WhiteElo "1386"]
[BlackElo "1345"]
[WhiteClock "00:11:06"]
[BlackClock "00:06:10"]
[WhiteTeam "VfB Schach Leipzig e.V."]
[BlackTeam "SF Neuberg"]
[PlyCount "53"]
[WhiteFideId "16224027"]
[BlackFideId "16275187"]
[EventCountry "GER"]
[EventRounds "7"]
[EventType "team-swiss"]
[EventDate "2022.12.26"]

1. c4 {[%clk 1:30:57]} e5 {[%clk 1:30:31]} 2. g3 {[%clk 1:31:08]} d6 {[%clk
1:29:20]} 3. Bg2 {[%clk 1:30:54]} Nf6 {[%clk 1:28:56]} 4. Nc3 {[%clk 1:30:05]}
c6 {[%clk 1:27:14]} 5. d4 {[%clk 1:24:39]} exd4 {[%clk 1:24:00]} 6. Qxd4 {[%clk
1:24:58]} Bf5 {[%clk 1:21:22]} 7. Nf3 {[%clk 1:22:28]} Be7 {[%clk 1:19:13]} 8.
O-O {[%clk 1:19:50]} O-O {[%clk 1:18:01]} 9. Bf4 {[%clk 1:16:36]} Nh5 {[%clk
1:15:47]} 10. Rfd1 {[%clk 1:13:15]} Nxf4 {[%clk 1:08:23]} 11. Qxf4 {[%clk
1:12:50]} Qd7 {[%clk 1:06:17]} 12. e4 {[%clk 0:55:20]} Be6 {[%clk 0:58:20]} 13.
c5 {[%clk 0:44:56]} d5 {[%clk 0:45:57]} 14. Ne5 {[%clk 0:41:09]} Qc7 {[%clk
0:41:04]} 15. exd5 {[%clk 0:40:58]} g5 {[%clk 0:34:33]} 16. Qe3 {[%clk
0:39:41]} cxd5 {[%clk 0:26:11]} 17. Nxd5 {[%clk 0:37:39]} Bxd5 {[%clk 0:25:10]}
18. Rxd5 {[%clk 0:36:52]} f6 {[%clk 0:23:15]} 19. Nd3 {[%clk 0:30:51]} Rf7
{[%clk 0:16:48]} 20. b4 {[%clk 0:26:57]} Bf8 {[%clk 0:15:11]} 21. Qd4 {[%clk
0:17:37]} Nc6 {[%clk 0:13:53]} 22. Qc4 {[%clk 0:17:11]} Ne7 {[%clk 0:12:03]}
23. Rd6 {[%clk 0:15:01]} Kg7 {[%clk 0:10:58]} 24. Qc3 {[%clk 0:11:53]} Nf5
{[%clk 0:09:50]} 25. Rd5 {[%clk 0:11:57]} Kg6 {[%clk 0:08:56]} 26. Be4 {[%clk
0:11:34]} Re8 {[%clk 0:06:10]} 27. Bxf5 {[%clk 0:11:06]} 1-0

[Event "DVM U16 2022"]
[Site "Darmstadt GER"]
[Date "2022.12.29"]
[Round "6"]
[White "Pomrehn, Ole Magnus"]
[Black "Vecera, Fabio"]
[Result "0-1"]
[Termination "normal"]
[Board "4.4"]
[WhiteElo "1525"]
[BlackElo "1454"]
[WhiteClock "00:39:53"]
[BlackClock "00:19:00"]
[WhiteTeam "SF Neuberg"]
[BlackTeam "VfB Schach Leipzig e.V."]
[PlyCount "58"]
[WhiteFideId "16232704"]
[BlackFideId "16281705"]
[EventCountry "GER"]
[EventRounds "7"]
[EventType "team-swiss"]
[EventDate "2022.12.26"]

1. d4 {[%clk 1:30:57]} Nf6 {[%clk 1:30:55]} 2. Nf3 {[%clk 1:31:18]} e6 {[%clk
1:31:14]} 3. Bg5 {[%clk 1:31:20]} d5 {[%clk 1:31:27]} 4. e3 {[%clk 1:31:37]}
Be7 {[%clk 1:31:47]} 5. Bd3 {[%clk 1:31:51]} c5 {[%clk 1:31:14]} 6. c3 {[%clk
1:32:00]} Nc6 {[%clk 1:30:51]} 7. Nbd2 {[%clk 1:32:02]} O-O {[%clk 1:30:57]} 8.
O-O {[%clk 1:32:13]} h6 {[%clk 1:30:02]} 9. Bh4 {[%clk 1:32:12]} Re8 {[%clk
1:20:44]} 10. Ne5 {[%clk 1:24:17]} Qb6 {[%clk 1:06:58]} 11. Rb1 {[%clk
1:16:47]} Nd7 {[%clk 1:02:16]} 12. Nxd7 {[%clk 1:12:21]} Bxd7 {[%clk 1:02:39]}
13. Bxe7 {[%clk 1:12:35]} Rxe7 {[%clk 1:02:31]} 14. f4 {[%clk 1:11:41]} cxd4
{[%clk 0:57:46]} 15. exd4 {[%clk 1:10:21]} Nxd4 {[%clk 0:56:47]} 16. Kh1 {[%clk
1:10:24]} Nf5 {[%clk 0:56:44]} 17. Bxf5 {[%clk 1:03:56]} exf5 {[%clk 0:56:59]}
18. Nb3 {[%clk 1:02:20]} Bb5 {[%clk 0:54:09]} 19. Re1 {[%clk 1:00:56]} Rxe1
{[%clk 0:53:38]} 20. Qxe1 {[%clk 1:00:17]} Bd3 {[%clk 0:53:26]} 21. Rd1 {[%clk
1:00:18]} Be4 {[%clk 0:53:28]} 22. Rd2 {[%clk 0:59:24]} Re8 {[%clk 0:53:36]}
23. Re2 {[%clk 0:58:34]} Qg6 {[%clk 0:51:42]} 24. Qf2 {[%clk 0:57:07]} Qa6
{[%clk 0:45:49]} 25. Nc1 {[%clk 0:56:29]} Re6 {[%clk 0:37:22]} 26. b3 {[%clk
0:54:48]} Qc6 {[%clk 0:34:23]} 27. Qd4 {[%clk 0:50:02]} Qd6 {[%clk 0:22:23]}
28. Qd2 {[%clk 0:48:34]} Qc7 {[%clk 0:21:43]} 29. Kg1 {[%clk 0:39:53]} Rc6
{[%clk 0:19:00]} 0-1

[Event "DVM U16 2022"]
[Site "Darmstadt GER"]
[Date "2022.12.29"]
[Round "6"]
[White "Halabi, Ibrahim"]
[Black "Uhlmann, Tim"]
[Result "0-1"]
[Termination "normal"]
[Board "5.1"]
[WhiteElo "1927"]
[BlackElo "1745"]
[WhiteClock "00:19:39"]
[BlackClock "00:21:25"]
[WhiteTeam "SK Frankenthal"]
[BlackTeam "SF Neureut 1953 e.V."]
[PlyCount "108"]
[WhiteFideId "16241754"]
[BlackFideId "16239210"]
[EventCountry "GER"]
[EventRounds "7"]
[EventType "team-swiss"]
[EventDate "2022.12.26"]

1. e4 {[%clk 1:30:57]} e5 {[%clk 1:30:42]} 2. Nf3 {[%clk 1:31:22]} Nc6 {[%clk
1:31:06]} 3. Bc4 {[%clk 1:31:46]} Bc5 {[%clk 1:31:24]} 4. c3 {[%clk 1:32:09]}
Nf6 {[%clk 1:31:49]} 5. d3 {[%clk 1:32:34]} a6 {[%clk 1:30:49]} 6. Bb3 {[%clk
1:32:25]} Ba7 {[%clk 1:30:15]} 7. Nbd2 {[%clk 1:32:35]} h6 {[%clk 1:30:02]} 8.
O-O {[%clk 1:32:38]} d6 {[%clk 1:30:01]} 9. h3 {[%clk 1:32:49]} g5 {[%clk
1:29:18]} 10. Nh2 {[%clk 1:16:40]} Rg8 {[%clk 1:25:35]} 11. Ndf3 {[%clk
1:12:37]} g4 {[%clk 1:23:35]} 12. hxg4 {[%clk 1:12:34]} Nxg4 {[%clk 1:23:32]}
13. d4 {[%clk 1:06:18]} Nxh2 {[%clk 1:08:18]} 14. Nxh2 {[%clk 1:02:14]} exd4
{[%clk 1:02:18]} 15. Qh5 {[%clk 0:57:36]} Qf6 {[%clk 1:00:28]} 16. Kh1 {[%clk
0:54:40]} Ne5 {[%clk 0:54:56]} 17. f4 {[%clk 0:50:07]} Bg4 {[%clk 0:53:37]} 18.
Nxg4 {[%clk 0:48:49]} Rxg4 {[%clk 0:52:57]} 19. g3 {[%clk 0:45:18]} Rxg3 {[%clk
0:47:59]} 20. Kh2 {[%clk 0:30:52]} Rg7 {[%clk 0:40:42]} 21. Bd2 {[%clk
0:25:15]} Ng4 {[%clk 0:39:04]} 22. Kh3 {[%clk 0:24:26]} Qg6 {[%clk 0:18:20]}
23. Qxg6 {[%clk 0:22:48]} Rxg6 {[%clk 0:18:25]} 24. f5 {[%clk 0:22:34]} Rg8
{[%clk 0:15:46]} 25. Kh4 {[%clk 0:17:35]} dxc3 {[%clk 0:08:23]} 26. Bxc3 {[%clk
0:17:39]} Nh2 {[%clk 0:08:02]} 27. Rh1 {[%clk 0:15:14]} Nf3 {[%clk 0:04:25]}
28. Kh5 {[%clk 0:08:42]} Be3 {[%clk 0:02:25]} 29. Bf6 {[%clk 0:08:15]} Bg5
{[%clk 0:01:25]} 30. Bxg5 {[%clk 0:07:26]} hxg5 {[%clk 0:01:37]} 31. Kg4 {[%clk
0:05:48]} Ne5 {[%clk 0:01:55]} 32. Kg3 {[%clk 0:05:59]} Ke7 {[%clk 0:01:02]}
33. Rh6 {[%clk 0:05:55]} Rh8 {[%clk 0:00:46]} 34. f6 {[%clk 0:05:37]} Kd7
{[%clk 0:01:02]} 35. Rah1 {[%clk 0:05:56]} Rxh6 {[%clk 0:01:18]} 36. Rxh6
{[%clk 0:06:22]} Rg8 {[%clk 0:01:10]} 37. Rh7 {[%clk 0:06:20]} Ke8 {[%clk
0:01:00]} 38. Rg7 {[%clk 0:06:19]} Kf8 {[%clk 0:01:23]} 39. Rh7 {[%clk
0:06:43]} Ke8 {[%clk 0:00:57]} 40. Rg7 {[%clk 0:07:07]} Kf8 {[%clk 0:01:19]}
41. Rh7 {[%clk 0:07:34]} b5 {[%clk 0:00:41]} 42. a4 {[%clk 0:03:35]} Nc4 {[%clk
0:27:31]} 43. Kg4 {[%clk 0:33:22]} Ne5 {[%clk 0:25:27]} 44. Kg3 {[%clk
0:29:13]} c6 {[%clk 0:22:49]} 45. axb5 {[%clk 0:26:55]} axb5 {[%clk 0:22:52]}
46. Rh1 {[%clk 0:26:47]} Ke8 {[%clk 0:22:44]} 47. Ra1 {[%clk 0:26:40]} Rg6
{[%clk 0:22:54]} 48. Ra8 {[%clk 0:26:06]} Kd7 {[%clk 0:23:12]} 49. Ra7 {[%clk
0:26:11]} Kc8 {[%clk 0:22:23]} 50. Bxf7 {[%clk 0:25:42]} Rxf6 {[%clk 0:22:28]}
51. Bh5 {[%clk 0:24:36]} Rf4 {[%clk 0:21:00]} 52. Rg7 {[%clk 0:23:53]} Rxe4
{[%clk 0:21:16]} 53. Rxg5 {[%clk 0:24:20]} Rb4 {[%clk 0:21:25]} 54. Rg8 {[%clk
0:19:39]} Kc7 0-1

[Event "DVM U16 2022"]
[Site "Darmstadt GER"]
[Date "2022.12.29"]
[Round "6"]
[White "Scheinmaier, Mark"]
[Black "Morgenthaler, Nick"]
[Result "1-0"]
[Termination "normal"]
[Board "5.2"]
[WhiteElo "1557"]
[BlackElo "1320"]
[WhiteClock "00:09:46"]
[BlackClock "00:24:52"]
[WhiteTeam "SF Neureut 1953 e.V."]
[BlackTeam "SK Frankenthal"]
[PlyCount "100"]
[WhiteFideId "16238958"]
[BlackFideId "16286138"]
[EventCountry "GER"]
[EventRounds "7"]
[EventType "team-swiss"]
[EventDate "2022.12.26"]

1. e4 {[%clk 1:30:57]} e6 {[%clk 1:30:54]} 2. d4 {[%clk 1:31:19]} d5 {[%clk
1:31:20]} 3. Nc3 {[%clk 1:31:42]} Nf6 {[%clk 1:31:28]} 4. e5 {[%clk 1:32:02]}
Nfd7 {[%clk 1:31:52]} 5. Qg4 {[%clk 1:32:25]} h6 {[%clk 1:29:21]} 6. f4 {[%clk
1:29:30]} c5 {[%clk 1:26:53]} 7. Nb5 {[%clk 1:25:30]} cxd4 {[%clk 1:25:04]} 8.
Nf3 {[%clk 1:22:16]} Nc6 {[%clk 1:20:58]} 9. Nfxd4 {[%clk 1:18:57]} Nxd4 {[%clk
1:20:37]} 10. Nxd4 {[%clk 1:18:53]} h5 {[%clk 1:16:57]} 11. Qg3 {[%clk
1:18:08]} Nc5 {[%clk 1:16:06]} 12. c3 {[%clk 1:14:21]} Ne4 {[%clk 1:15:11]} 13.
Qf3 {[%clk 1:13:38]} Qh4 {[%clk 1:12:47]} 14. g3 {[%clk 1:12:21]} Qg4 {[%clk
1:11:57]} 15. Qxg4 {[%clk 1:11:22]} hxg4 {[%clk 1:12:21]} 16. Bg2 {[%clk
1:10:44]} Nc5 {[%clk 1:11:02]} 17. O-O {[%clk 1:09:26]} Nd3 {[%clk 1:10:34]}
18. Rd1 {[%clk 1:08:26]} Nxc1 {[%clk 1:10:25]} 19. Raxc1 {[%clk 1:08:48]} Bc5
{[%clk 1:05:58]} 20. c4 {[%clk 1:07:15]} dxc4 {[%clk 1:05:47]} 21. Rxc4 {[%clk
1:07:28]} Bb6 {[%clk 1:02:48]} 22. Kh1 {[%clk 1:07:10]} Ke7 {[%clk 0:52:37]}
23. Nb5 {[%clk 1:03:50]} Bd7 {[%clk 0:49:25]} 24. Nd6 {[%clk 1:03:49]} Rxh2
{[%clk 0:47:11]} 25. Kxh2 {[%clk 1:04:09]} Rh8 {[%clk 0:47:36]} 26. Bh3 {[%clk
1:04:21]} Rxh3 {[%clk 0:48:01]} 27. Kg2 {[%clk 1:04:16]} Bc6 {[%clk 0:48:10]}
28. Ne4 {[%clk 0:55:03]} f5 {[%clk 0:44:32]} 29. Rxc6 {[%clk 0:55:19]} bxc6
{[%clk 0:44:33]} 30. Ng5 {[%clk 0:54:59]} Rh6 {[%clk 0:42:10]} 31. Rd6 {[%clk
0:54:13]} Bc7 {[%clk 0:39:35]} 32. Rxc6 {[%clk 0:53:18]} Kd7 {[%clk 0:39:29]}
33. Rc2 {[%clk 0:52:34]} Rh8 {[%clk 0:37:59]} 34. Nxe6 {[%clk 0:50:40]} Kxe6
{[%clk 0:35:04]} 35. Rxc7 {[%clk 0:51:04]} Rd8 {[%clk 0:32:59]} 36. Rxg7 {[%clk
0:44:07]} Rd2 {[%clk 0:32:33]} 37. Kf1 {[%clk 0:44:30]} Rxb2 {[%clk 0:32:25]}
38. Rxa7 {[%clk 0:44:39]} Rb1 {[%clk 0:30:28]} 39. Ke2 {[%clk 0:42:35]} Rb2
{[%clk 0:30:37]} 40. Kd1 {[%clk 0:42:53]} Rg2 {[%clk 0:30:41]} 41. Ra3 {[%clk
0:42:56]} Ke7 {[%clk 0:29:20]} 42. Ke1 {[%clk 0:40:26]} Rb2 {[%clk 0:27:43]}
43. Kf1 {[%clk 0:32:10]} Ke6 {[%clk 0:26:02]} 44. Ra6 {[%clk 0:28:19]} Ke7
{[%clk 0:25:49]} 45. Rf6 {[%clk 0:09:01]} Rxa2 {[%clk 0:24:21]} 46. Rxf5 {[%clk
0:09:02]} Ra1 {[%clk 0:24:07]} 47. Kf2 {[%clk 0:09:01]} Ra2 {[%clk 0:24:26]}
48. Ke3 {[%clk 0:09:24]} Ra3 {[%clk 0:24:47]} 49. Ke4 {[%clk 0:09:40]} Rxg3
{[%clk 0:24:59]} 50. Rg5 {[%clk 0:09:46]} Rg1 {[%clk 0:24:52]} 1-0

[Event "DVM U16 2022"]
[Site "Darmstadt GER"]
[Date "2022.12.29"]
[Round "6"]
[White "Tang, Shunjie Roger"]
[Black "Huang, Luca Hanson"]
[Result "0-1"]
[Termination "normal"]
[Board "5.4"]
[WhiteElo "1217"]
[BlackElo "1538"]
[WhiteClock "00:22:39"]
[BlackClock "00:43:31"]
[WhiteTeam "SF Neureut 1953 e.V."]
[BlackTeam "SK Frankenthal"]
[PlyCount "56"]
[WhiteFideId "16298004"]
[BlackFideId "16279182"]
[EventCountry "GER"]
[EventRounds "7"]
[EventType "team-swiss"]
[EventDate "2022.12.26"]

1. d4 {[%clk 1:30:51]} d5 {[%clk 1:30:53]} 2. Nf3 {[%clk 1:30:55]} Nf6 {[%clk
1:31:09]} 3. Bf4 {[%clk 1:30:59]} e6 {[%clk 1:31:22]} 4. e3 {[%clk 1:30:53]}
Bd6 {[%clk 1:31:10]} 5. Bg3 {[%clk 1:30:26]} c5 {[%clk 1:30:12]} 6. c3 {[%clk
1:29:37]} O-O {[%clk 1:28:49]} 7. Bd3 {[%clk 1:28:26]} Qc7 {[%clk 1:26:01]} 8.
Nbd2 {[%clk 1:26:00]} Nbd7 {[%clk 1:23:55]} 9. Qe2 {[%clk 1:20:10]} e5 {[%clk
1:20:18]} 10. dxe5 Nxe5 {[%clk 1:19:05]} 11. Nxe5 {[%clk 1:10:53]} Bxe5 {[%clk
1:18:52]} 12. Bh4 {[%clk 1:04:31]} Re8 {[%clk 1:11:58]} 13. Bxf6 {[%clk
1:02:34]} Bxf6 {[%clk 1:12:04]} 14. Qh5 {[%clk 1:00:27]} g6 {[%clk 1:09:55]}
15. Qf3 {[%clk 0:54:35]} Bg7 {[%clk 1:09:06]} 16. Bc2 {[%clk 0:51:27]} d4
{[%clk 1:08:23]} 17. Ne4 {[%clk 0:45:26]} f5 {[%clk 1:03:46]} 18. Nd2 {[%clk
0:43:44]} dxc3 {[%clk 1:03:08]} 19. bxc3 {[%clk 0:41:36]} Bxc3 {[%clk 1:02:00]}
20. Rd1 {[%clk 0:41:32]} Rd8 {[%clk 0:57:00]} 21. h4 {[%clk 0:36:12]} Be6
{[%clk 0:51:15]} 22. Qe2 {[%clk 0:33:54]} Rxd2 {[%clk 0:50:05]} 23. Rxd2 {[%clk
0:33:42]} Rd8 {[%clk 0:48:25]} 24. Bd3 {[%clk 0:29:11]} c4 {[%clk 0:45:51]} 25.
Kd1 {[%clk 0:26:24]} Bxd2 {[%clk 0:44:27]} 26. Kxd2 {[%clk 0:25:08]} cxd3
{[%clk 0:44:25]} 27. Qd1 {[%clk 0:24:26]} Qa5 {[%clk 0:44:14]} 28. Kc1 {[%clk
0:22:39]} Rc8 {[%clk 0:43:31]} 0-1

[Event "DVM U16 2022"]
[Site "Darmstadt GER"]
[Date "2022.12.29"]
[Round "6"]
[White "Bock, Marlon"]
[Black "Schwartz, Oliver"]
[Result "0-1"]
[Termination "normal"]
[Board "6.1"]
[WhiteElo "2002"]
[BlackElo "1868"]
[WhiteClock "00:06:32"]
[BlackClock "00:12:18"]
[WhiteTeam "SSV Vimaria 91 Weimar"]
[BlackTeam "SC Ostfildern 1952 e.V."]
[PlyCount "60"]
[WhiteFideId "16244931"]
[BlackFideId "16207459"]
[EventCountry "GER"]
[EventRounds "7"]
[EventType "team-swiss"]
[EventDate "2022.12.26"]

1. d4 {[%clk 1:30:57]} Nf6 {[%clk 1:30:49]} 2. Nf3 {[%clk 1:31:23]} g6 {[%clk
1:31:15]} 3. Nc3 {[%clk 1:31:48]} d5 {[%clk 1:31:12]} 4. Bf4 {[%clk 1:32:07]}
Bg7 {[%clk 1:30:58]} 5. Qd2 {[%clk 1:32:31]} O-O {[%clk 1:23:06]} 6. Bh6 {[%clk
1:32:41]} Bg4 {[%clk 1:12:33]} 7. Bxg7 {[%clk 1:28:38]} Kxg7 {[%clk 1:12:53]}
8. O-O-O {[%clk 1:26:12]} c6 {[%clk 1:10:07]} 9. Ne5 {[%clk 1:21:56]} Be6
{[%clk 1:07:52]} 10. f3 {[%clk 1:16:58]} b5 {[%clk 1:05:25]} 11. e3 {[%clk
1:14:31]} a5 {[%clk 1:02:37]} 12. g4 {[%clk 1:11:54]} a4 {[%clk 0:59:55]} 13.
h4 {[%clk 1:01:24]} Qc7 {[%clk 0:50:59]} 14. Ne2 {[%clk 0:47:40]} c5 {[%clk
0:46:03]} 15. Nf4 {[%clk 0:41:04]} c4 {[%clk 0:44:04]} 16. h5 {[%clk 0:34:29]}
a3 {[%clk 0:37:46]} 17. c3 {[%clk 0:25:36]} axb2 {[%clk 0:36:55]} 18. Qxb2
{[%clk 0:25:20]} b4 {[%clk 0:32:04]} 19. cxb4 {[%clk 0:17:13]} g5 {[%clk
0:23:54]} 20. Nxe6 {[%clk 0:15:41]} fxe6 {[%clk 0:24:18]} 21. f4 {[%clk
0:15:38]} Nc6 {[%clk 0:22:45]} 22. Bg2 {[%clk 0:12:40]} Rfb8 {[%clk 0:14:12]}
23. Nxc6 {[%clk 0:11:13]} Qxc6 {[%clk 0:14:31]} 24. fxg5 {[%clk 0:11:35]} Nxg4
{[%clk 0:14:12]} 25. Bh3 {[%clk 0:08:02]} c3 {[%clk 0:13:08]} 26. h6 {[%clk
0:08:00]} Kg8 {[%clk 0:12:48]} 27. Qe2 {[%clk 0:07:25]} Rxb4 {[%clk 0:12:33]}
28. Qxg4 {[%clk 0:07:18]} Rb1 {[%clk 0:11:44]} 29. Kxb1 {[%clk 0:06:42]} Qb5
{[%clk 0:11:57]} 30. Kc2 {[%clk 0:06:32]} Rxa2 {[%clk 0:12:18]} 0-1

[Event "DVM U16 2022"]
[Site "Darmstadt GER"]
[Date "2022.12.29"]
[Round "6"]
[White "Chugunov, Ivan"]
[Black "Günther, Arthur"]
[Result "1-0"]
[Termination "normal"]
[Board "6.2"]
[WhiteElo "1624"]
[BlackElo "1633"]
[WhiteClock "00:25:42"]
[BlackClock "00:27:45"]
[WhiteTeam "SC Ostfildern 1952 e.V."]
[BlackTeam "SSV Vimaria 91 Weimar"]
[PlyCount "102"]
[WhiteFideId "16256808"]
[BlackFideId "16230078"]
[EventCountry "GER"]
[EventRounds "7"]
[EventType "team-swiss"]
[EventDate "2022.12.26"]

1. e4 {[%clk 1:30:50]} d5 {[%clk 1:30:56]} 2. exd5 {[%clk 1:31:11]} Qxd5 {[%clk
1:31:24]} 3. Nc3 {[%clk 1:31:34]} Qa5 {[%clk 1:31:49]} 4. d4 {[%clk 1:31:52]}
Nf6 {[%clk 1:32:15]} 5. Bd2 {[%clk 1:32:10]} Bg4 {[%clk 1:32:10]} 6. f3 {[%clk
1:32:06]} Bd7 {[%clk 1:31:21]} 7. Bd3 {[%clk 1:31:41]} e6 {[%clk 1:30:25]} 8.
Ne4 {[%clk 1:26:10]} Qb6 {[%clk 1:30:36]} 9. Nxf6 {[%clk 1:24:56]} gxf6 {[%clk
1:31:00]} 10. Bc3 {[%clk 1:23:52]} Bd6 {[%clk 1:25:34]} 11. Qd2 {[%clk
1:23:00]} Nc6 {[%clk 1:18:52]} 12. Ne2 {[%clk 1:22:23]} Nb4 {[%clk 1:12:07]}
13. Bxb4 {[%clk 1:17:12]} Bxb4 {[%clk 1:12:24]} 14. c3 {[%clk 1:17:34]} Bd6
{[%clk 1:12:19]} 15. Ng3 {[%clk 1:15:52]} O-O-O {[%clk 1:10:02]} 16. O-O-O
{[%clk 1:15:05]} c5 17. Ne4 {[%clk 1:12:23]} cxd4 {[%clk 1:04:06]} 18. Nxd6
{[%clk 1:11:06]} Qxd6 {[%clk 1:04:14]} 19. Bc2 {[%clk 1:11:05]} Bc6 {[%clk
1:03:03]} 20. cxd4 {[%clk 1:09:38]} Qc7 {[%clk 1:00:43]} 21. Qc3 {[%clk
1:02:57]} Rhg8 {[%clk 0:57:33]} 22. Rd2 {[%clk 1:02:06]} Qf4 {[%clk 0:52:33]}
23. g3 {[%clk 1:01:17]} Qxf3 {[%clk 0:50:34]} 24. Qxf3 {[%clk 1:01:36]} Bxf3
{[%clk 0:51:00]} 25. Rf1 {[%clk 1:01:55]} Bh5 {[%clk 0:49:51]} 26. Rxf6 {[%clk
1:01:49]} Rg4 {[%clk 0:48:07]} 27. d5 {[%clk 0:59:25]} Rc4 {[%clk 0:42:25]} 28.
dxe6 {[%clk 0:56:39]} fxe6 {[%clk 0:39:56]} 29. Rxd8 {[%clk 0:49:44]} Kxd8
{[%clk 0:40:14]} 30. Kd2 {[%clk 0:46:50]} Rc7 {[%clk 0:35:13]} 31. b3 {[%clk
0:43:34]} Bg4 {[%clk 0:33:34]} 32. Rf8 {[%clk 0:29:56]} Ke7 {[%clk 0:32:53]}
33. Rg8 {[%clk 0:24:34]} Bf5 {[%clk 0:25:52]} 34. Rg7 {[%clk 0:24:40]} Kd6
{[%clk 0:26:12]} 35. Rxc7 {[%clk 0:24:21]} Kxc7 {[%clk 0:26:37]} 36. Bxf5
{[%clk 0:24:28]} exf5 {[%clk 0:26:57]} 37. Ke3 {[%clk 0:24:54]} Kc6 {[%clk
0:23:50]} 38. Kf4 {[%clk 0:22:49]} Kc5 {[%clk 0:23:40]} 39. Kxf5 {[%clk
0:21:58]} Kb4 {[%clk 0:24:04]} 40. Kg5 {[%clk 0:21:42]} Ka3 {[%clk 0:24:28]}
41. Kh6 {[%clk 0:21:54]} Kxa2 {[%clk 0:24:52]} 42. Kxh7 {[%clk 0:22:18]} Kxb3
{[%clk 0:25:12]} 43. g4 {[%clk 0:22:39]} a5 {[%clk 0:25:16]} 44. g5 {[%clk
0:23:00]} a4 {[%clk 0:25:40]} 45. g6 {[%clk 0:23:27]} a3 {[%clk 0:26:07]} 46.
g7 {[%clk 0:23:53]} a2 {[%clk 0:26:03]} 47. g8=Q {[%clk 0:24:16]} Kb2 {[%clk
0:26:28]} 48. Qg7 {[%clk 0:24:33]} Kb1 {[%clk 0:26:46]} 49. Qxb7 {[%clk
0:24:57]} Ka1 {[%clk 0:27:09]} 50. Qa6 {[%clk 0:25:20]} Kb1 {[%clk 0:27:25]}
51. Qxa2 {[%clk 0:25:42]} Kxa2 {[%clk 0:27:45]} 1-0